000 00239nam a2200097Ia 4500
082 _aEF BEVE
245 0 _aBees
100 _a Dawson, Robert, , 1944- Oxford, 2009
_982816
942 _cBK
008 210817s9999 xx 000 0 und d
999 _c300397
_d300396